| 000 | 00754nam a2200241Ia 4500 | ||
|---|---|---|---|
| 005 | 20260430150458.0 | ||
| 008 | 008 250103s9999 xx 000 0 eng d | ||
| 037 | _aTheses | ||
| 040 | _aCRL | ||
| 040 | _beng | ||
| 040 | _ceng | ||
| 041 | _2eng | ||
| 041 | _aeng | ||
| 084 | _qCRL | ||
| 100 |
_aAbhishek Kumar Au.; Ansari Mohd Saquib Gu.; Bhatt Anant Narayan Gu. _91237628 |
||
| 245 | 0 | _aDevelopment and Characterization of Ca2+ and Zn2+ Enriched Alginate Composites for Post-traumatic Hemorrhage Control and Wound Management | |
| 260 | _c2023 | ||
| 300 | _a124p. | ||
| 650 | _aMedicine | ||
| 700 |
_aUniversity of Delhi. Faculty of Medical Sciences. Deptt. of Biomedical Research _91237372 |
||
| 942 | _cTH | ||
| 999 |
_c1849876 _d1849876 |
||